| 000 | 01789nam a2200409 a 4500 | ||
|---|---|---|---|
| 999 |
_c75488 _d75488 |
||
| 003 | BLK | ||
| 005 | 20241219112924.0 | ||
| 008 | 180408b bul|||||r ||||||| ||bul|| | ||
| 010 | _aKNG00079904000 | ||
| 020 | _a978-954-320-100-6 | ||
| 040 | _aBLK | ||
| 041 |
_aBUL _cBUL |
||
| 080 |
_aОткривателски пътешествия. Експедиции _b910.4 _x(100)(092) _z910.4(100)(092) |
||
| 080 |
_aКосмическа техника. Космонавтика _b629.78 _x(092) _z629.78(092) |
||
| 080 |
_aБиографии _b929 _x(100) _z929(100) |
||
| 100 | 1 |
_aДе Порти, Андреа _eпърви автор _9297447 |
|
| 139 |
_aДе Порти, Андреа _bД 43 |
||
| 245 | 1 | 0 |
_aВеликите пътешественици _bОт ХІХ в. до мисията "Аполо" _cАндреа Де Порти; прев. Гинка Асенова. |
| 257 | _aFRA | ||
| 260 |
_bРива _c2007 _fОтпеч. в Италия _aСофия |
||
| 300 |
_a56 с. сгънати _bс ил. _c29 см |
||
| 380 | _a91 | ||
| 500 | _aОриг. загл. Les Grands explorateurs. Du XIX-e siecle jusqu'a la mission Apollo / Andrea de Porti | ||
| 650 | 4 |
_aОткрития - история _9272522 |
|
| 650 | 7 |
_aГеографски пътешествия и открития - история _2 _9151894 |
|
| 650 | 4 |
_aКосмически изследвания _9247375 |
|
| 653 | _aгеографски открития | ||
| 653 | _aкосмически изследвания | ||
| 700 | 1 |
_aАсенова, Гинка _eпрев. _9369113 |
|
| 852 | _aЦб ІІ 14928 | ||
| 856 | 4 | _qpdf | |
| 856 | 4 | _qpdf | |
| 942 |
_cKNG _n0 _s1 _03 |
||
| 944 |
_aCR _c04.12.2007 _k30560 _lГеновева Генчева |
||
| 944 |
_aED _c21.03.2008 |
||
| 999 | _d75488 | ||